000 00377nam a2200157Ia 4500
008 230524s9999 xx 000 0 und d
082 _a621.4061
_bGAR
100 _aR.J.Garde
_98157
245 0 _aFluid Mechanics Through Problems
250 _a2ND
260 _aNEW DELHI
_bNAI
_c2002
300 _a632
500 _aQuantity Number: 2
650 _aMechanics
942 _cBK
999 _c12866
_d12866